000 00551nam a2200217Ia 4500
003 OSt
005 20220928141724.0
006 a|||||r|||| 00| 0
007 ta
008 220927b |||||||| |||| 00| 0 eng d
024 _a17156
037 _cTextual
040 _aSDCL
_cSDCL
_beng
041 _2eng
_aeng
082 _aB334,2, M0
100 _aGregory John
_9436124
245 0 _aQuadratic form theory and differential equations.
260 _c1980
942 _hB334,2, M0
_cTEXL
_2CC
999 _c819479
_d819479